000 00464nam a2200181Ia 4500
003 GCL
008 140319s9999 xx 000 0 aRus d
040 _aGCL /
_cGCL
082 0 4 _a860
_bS E
100 1 _aSARTRE, JEAN
245 1 0 _aESCRITOS SOBRE LITERATURA,1 /
_cSARTRE, JEAN
260 _a[S.N] :
_bA LIANZA EDITORIAL ،
_c1985
300 _a395 P
650 0 4 _aLITERATURE
650 0 4 _aSPANISH LANGUAGE
650 0 4 _aSPANISH LITERATURE
942 _2ddc
_cBK
999 _c24262
_d24262